Refactoring: Improving the Design of Existing Code 2/e
Wedi'i Gadw mewn:
| Prif Awdur: | |
|---|---|
| Fformat: | Llyfr |
| Cyhoeddwyd: |
Pearson
|
| Tagiau: |
Dim Tagiau, Byddwch y cyntaf i dagio'r cofnod hwn!
|
MARC
| LEADER | 00000nam a2200000Ia 4500 | ||
|---|---|---|---|
| 005 | 20260513122052.0 | ||
| 020 | |a 9780134757599 | ||
| 100 | |a Fowler | ||
| 365 | |||
| 365 | |b 25.00 | ||
| 942 | |c BK | ||
| 245 | |a Refactoring: Improving the Design of Existing Code 2/e | ||
| 260 | |b Pearson | ||
| 999 | |c 80 |d 80 | ||
| 952 | |0 0 |1 0 |4 0 |7 0 |a UNSW |b UNSW |d 2026-05-08 |g 65.99 |i 16696 |l 0 |p 000146 |r 2026-05-13 12:20:52 |v 65.99 |w 2026-05-13 |y BK | ||